El visitante /
Guardado en:
| Autor Principal: | |
|---|---|
| Formato: | Libro |
| Publicado: |
Buenos Aires :
Colihue,
1992
|
| Series: | Colección literaria
|
| Materias: | |
| Etiquetas: |
Agregar Etiqueta
Sin Etiquetas, Sea el primero en etiquetar este registro!
|
| LEADER | 01145nam a22003015a 4500 | ||
|---|---|---|---|
| 001 | CEM.cems015994 | ||
| 008 | 130507s1992##################000#0#####d | ||
| 005 | 20231122115251.0 | ||
| 245 | 1 | 0 | |a El visitante / |c Alma Maritano |
| 260 | |a Buenos Aires : |b Colihue, |c 1992 | ||
| 300 | |a 189 p. | ||
| 490 | 0 | |a Colección literaria | |
| 020 | |a 9505810679 | ||
| 100 | 1 | |a Maritano, Alma | |
| 082 | 0 | 4 | |a A863.4 |
| 653 | |a Literatura | ||
| 653 | |a Literatura argentina | ||
| 653 | |a Novelas | ||
| 653 | |a Novela argentina | ||
| 653 | |a Literatura juvenil | ||
| 859 | |a CEMS |b BIB. CEMS - Agricultura |h A863.4 |i M339a-1 |p A18476.95 |t Ej.1 | ||
| 859 | |a CEMS |b BIB. CEMS - 11 de abril |h A863.4 |i M339 |p 16730.92 |t Ej.1 | ||
| 859 | |a CEMS |b BIB. CEMS - Agricultura |h A863.4 |i M339a-1 |p A18477.95 |t Ej.2 | ||
| 859 | |a CEMS |b BIB. CEMS - 11 de abril |h A863.4 |i M339 |p 16731.92 |t Ej.2 | ||
| 859 | |a CEMS |b BIB. CEMS - Agricultura |h A863.4 |i M339a-1 |p A18478.95 |t Ej.3 | ||
| 859 | |a CEMS |b BIB. CEMS - 11 de abril |h A863.4 |i M339 |p 16732.92 |t Ej.3 | ||
| 859 | |a CEMS |b BIB. CEMS - 11 de abril |h A863.4 |i M339 |p 16733.92 |t Ej.4 | ||
| 859 | |a CEMS |b BIB. CEMS - 11 de abril |h A863.4 |i M339 |p 16734.92 |t Ej.5 | ||
